[Event "Mechanics' Peter Grey TNM; G/2 d5"]
[Site "San Francisco"]
[Date "2017.08.29"]
[Round "4.5"]
[White "Fuentes, Romulo C"]
[Black "Drane, Robert"]
[Result "1-0"]
[WhiteElo "2203"]
[BlackElo "1817"]
[PlyCount "81"]
[EventDate "2017.??.??"]

1. e4 Nf6 2. Bc4 Nxe4 3. Bxf7+ Kxf7 4. Qh5+ Kg8 5. Qd5+ e6 6. Qxe4 d5 7. Qe3 c5
8. Nf3 Nc6 9. d3 Bd6 10. c4 Bd7 11. O-O Qf6 12. Na3 a6 13. Nc2 d4 14. Qe2 h6
15. Nd2 Re8 16. Ne4 Qe7 17. Bd2 Kh7 18. Rab1 Rhf8 19. b4 cxb4 20. Nxd6 Qxd6 21.
Nxb4 Qe5 22. Rfe1 Rf5 23. Nc2 Qf6 24. Rxb7 Re5 25. Qf1 Rxe1 26. Nxe1 Nb8 27.
Qe2 Qg6 28. Rb6 Bc6 29. f3 e5 30. Bb4 Qf6 31. Qf2 Qd8 32. Ba5 Qd6 33. Rb2 Nd7
34. Bb4 Qg6 35. Re2 Re6 36. Rb2 Rf6 37. Qe2 Re6 38. Nc2 Rf6 39. Ne1 $11 Qg5 $4
40. Be7 Bxf3 41. Bxf6 1-0

[Event "Mechanics' Spring TNM; G/2"]
[Site "San Francisco"]
[Date "2017.05.02"]
[Round "8.6"]
[White "Fuentes, Romulo C"]
[Black "Gaffagan, Steven"]
[Result "0-1"]
[WhiteElo "2200"]
[BlackElo "2061"]
[PlyCount "94"]
[EventDate "2017.??.??"]

1. e4 c6 2. Nc3 d5 3. Nf3 dxe4 4. Nxe4 Nf6 5. Qe2 Nxe4 6. Qxe4 Nd7 7. b3 Nf6 8.
Qe2 Bg4 9. Bb2 e6 10. h3 Bh5 11. O-O-O Bxf3 12. Qxf3 Qa5 13. Kb1 Be7 14. Bc4
O-O 15. g4 Rad8 16. Bc3 Qc7 17. g5 Nd5 18. Bxd5 Rxd5 19. h4 Rf5 20. Qe3 Rd8 21.
f3 b5 22. Qe4 Rdd5 23. d3 a5 24. Rdf1 Rf4 25. Bxa5 Qb8 26. Qe3 Bc5 27. Qd2 b4
28. a3 bxa3 29. Bc3 a2+ 30. Ka1 Bd4 31. Bxd4 Rdxd4 32. Qc3 Qd6 33. h5 Rf5 34.
h6 Rc5 35. Qb2 Rxg5 36. hxg7 Rxg7 37. Rfg1 Rg6 38. Qxa2 Rb4 39. Kb1 e5 40. Qa6
Kg7 41. Rxg6+ hxg6 42. Qc8 Kf6 43. Qa6 Rf4 44. Rf1 Qd5 45. Qb6 Rxf3 46. Rxf3+
Qxf3 47. b4 Qd5 0-1

[Event "Mechanics' Winter TNM; G/2"]
[Site "San Francisco"]
[Date "2017.02.21"]
[Round "8.3"]
[White "Fuentes, Romulo C"]
[Black "Ismakov, Arthur"]
[Result "1/2-1/2"]
[WhiteElo "2200"]
[BlackElo "2068"]
[PlyCount "57"]
[EventDate "2017.??.??"]

1. e4 c5 2. Nf3 e6 3. d4 cxd4 4. Nxd4 Nf6 5. Nc3 Nc6 6. Nxc6 bxc6 7. e5 Nd5 8.
Ne4 Qc7 9. f4 Qb6 10. a3 Ne3 11. Qd3 Nxf1 12. Rxf1 Qa5+ 13. Bd2 Qd5 14. Rf3 Ba6
15. Qe3 Be7 16. Bb4 Rb8 17. Rd1 Qc4 18. Bxe7 Kxe7 19. Qc5+ Qxc5 20. Nxc5 Bc8
21. b4 Rd8 22. Rd6 f6 23. Rfd3 a5 24. Nxe6 Rg8 25. Nxg7 fxe5 26. Nf5+ Ke8 27.
Kf2 axb4 28. fxe5 Rb5 29. axb4 {White is winning, but later lost his advantage.
The remaining moves are unavailable.} 1/2-1/2

[Event "Mechanics' Summer TNM; G/2 d5"]
[Site "San Francisco"]
[Date "2017.05.30"]
[Round "2.6"]
[White "Fuentes, Romulo C"]
[Black "Mays, Jerry L"]
[Result "1-0"]
[WhiteElo "2206"]
[BlackElo "1790"]
[PlyCount "79"]
[EventDate "2017.??.??"]

1. e4 e5 2. Nf3 Nc6 3. d4 exd4 4. Bc4 Nf6 5. e5 d5 6. Bb5 Ne4 7. Nxd4 Bd7 8.
Bxc6 bxc6 9. O-O Bc5 10. f3 Ng5 11. f4 Ne6 12. c3 O-O 13. f5 Qh4 14. fxe6 fxe6
15. Be3 Qe4 16. Rxf8+ Rxf8 17. Qe1 Qxe5 18. Nd2 Bb6 19. b4 a5 20. N2f3 Qe4 21.
bxa5 Bxa5 22. Nb3 Bb6 23. Bxb6 Qxe1+ 24. Rxe1 cxb6 25. Ne5 Be8 26. Nd4 c5 27.
Nxe6 Rf6 28. Nf3 Bd7 29. Nc7 Rc6 30. Nxd5 Re6 31. Rxe6 Bxe6 32. Nxb6 Bxa2 33.
Nd7 Kf7 34. Nxc5 Ke7 35. Kf2 Kd6 36. Ne4+ Kd5 37. Ke3 Bb1 38. Nfd2 Bc2 39. c4+
Ke5 40. Nf3+ 1-0

[Event "Mechanics' Spring TNM; G/2"]
[Site "San Francisco"]
[Date "2017.04.04"]
[Round "4.9"]
[White "Fuentes, Romulo C"]
[Black "Mays, Jerry L"]
[Result "1-0"]
[WhiteElo "2200"]
[BlackElo "1804"]
[Annotator "Donaldson"]
[PlyCount "64"]
[EventDate "2017.??.??"]

1. e4 e5 2. Nf3 Nc6 3. d4 exd4 4. Bc4 d5 $6 (4... Nf6 5. e5 d5) 5. Bxd5 (5.
exd5 $1) 5... Bb4+ 6. c3 dxc3 7. O-O Bg4 $2 (7... Nge7 8. Nxc3 O-O $11) 8. Qb3
(8. bxc3 Bd6 9. Qb3) 8... Bxf3 9. gxf3 Qe7 {Diagram [#]} (9... Nge7 10. bxc3)
10. bxc3 $1 Bd6 11. Qxb7 Bxh2+ 12. Kxh2 Qd6+ 13. f4 Qh6+ 14. Kg2 Qg6+ 15. Kf3
Nge7 16. Bxc6+ Qxc6 17. Qxc6+ Nxc6 18. Nd2 h5 19. Nc4 O-O-O 20. Ke2 h4 21. Be3
h3 22. Rh1 h2 23. Nd2 Rh5 24. Nf3 Rdh8 25. f5 f6 26. Bf4 Re8 27. Kd3 Rh3 28.
Bg3 Rd8+ 29. Ke3 Na5 30. Rxh2 Nc4+ 31. Kf4 Rxh2 32. Bxh2 Nb2 1-0

[Event "Mechanics' Winter TNM; G/2"]
[Site "San Francisco"]
[Date "2017.02.14"]
[Round "7.4"]
[White "Fuentes, Romulo C"]
[Black "Munkhchuluun, Tsegmed"]
[Result "1-0"]
[WhiteElo "2200"]
[BlackElo "2035"]
[PlyCount "35"]
[EventDate "2017.??.??"]

1. e4 e6 2. d4 d5 3. Nc3 dxe4 4. Nxe4 Nf6 5. Bg5 Be7 6. Bxf6 Bxf6 7. Nf3 O-O 8.
Qd2 b6 9. O-O-O Bb7 10. Nxf6+ Qxf6 11. Qe3 Nc6 12. Ne5 Rfd8 13. f4 Nb4 14. Bc4
Bxg2 15. Rhg1 Nd5 16. Bxd5 Bxd5 17. Rg5 h6 18. Ng4 1-0

[Event "Mechanics' Peter Grey TNM; G/2 d5"]
[Site "San Francisco"]
[Date "2017.09.19"]
[Round "7.4"]
[White "Fuentes, Romulo C"]
[Black "O'Connor, Derek"]
[Result "0-1"]
[WhiteElo "2203"]
[BlackElo "2300"]
[PlyCount "74"]
[EventDate "2017.??.??"]

1. e4 e5 2. Qh5 Nc6 3. Bc4 Qe7 4. Ne2 g6 5. Qf3 Bg7 6. Nbc3 Nf6 7. d3 h6 8. Bd2
d6 9. h3 Bd7 10. Nd5 Nxd5 11. Bxd5 Be6 12. Bxc6+ bxc6 13. g4 $6 h5 14. O-O-O d5
15. Kb1 h4 16. g5 O-O 17. Ka1 Rfd8 18. Qe3 a5 19. f3 a4 20. Be1 Rab8 21. Rb1 d4
22. Qd2 c5 23. Bxh4 c4 24. dxc4 Bxc4 25. Nc1 Be6 26. Bf2 c5 27. h4 c4 28. Ne2
c3 29. Nxc3 dxc3 30. Qxc3 Rdc8 31. Qd2 Qc7 32. Rhc1 Rd8 33. Qe3 Qc4 34. b3 Qd4+
35. Qxd4 exd4 36. bxa4 d3+ 37. c3 d2 0-1

[Event "Mechanics' Spring TNM; G/2"]
[Site "San Francisco"]
[Date "2017.03.21"]
[Round "2.6"]
[White "Fuentes, Romulo C"]
[Black "Royzen, Igor"]
[Result "0-1"]
[WhiteElo "2200"]
[BlackElo "1830"]
[PlyCount "50"]
[EventDate "2017.??.??"]

1. e4 d5 2. e5 c5 3. Nf3 Bg4 4. Bb5+ Nc6 5. h3 Bxf3 6. Bxc6+ bxc6 7. Qxf3 e6 8.
b3 Ne7 9. Bb2 Nf5 10. g4 Nd4 11. Qd3 Qb6 12. Na3 Be7 13. c3 Nb5 14. Nc2 O-O 15.
Qe2 a5 16. O-O a4 17. Ne3 Nc7 18. Rfb1 Rfb8 19. Ba3 Qa7 20. d4 Nb5 21. Bxc5
Bxc5 22. bxa4 Nxc3 23. Rxb8+ Rxb8 24. Qc2 Bxd4 25. Re1 Qxa4 0-1

[Event "Mechanics' Fall TNM; G/2 d5"]
[Site "San Francisco"]
[Date "2017.11.07"]
[Round "3.12"]
[White "Gaffagan, Steven"]
[Black "Abraham, Michael D"]
[Result "1-0"]
[WhiteElo "2070"]
[BlackElo "1651"]
[Annotator "Winslow,E"]
[PlyCount "69"]
[EventDate "2017.??.??"]

1. e4 c5 2. Nc3 d6 3. f4 Nc6 4. Nf3 a6 5. a4 Bg4 6. Bc4 e6 7. d3 Nd4 8. O-O
Nxf3+ 9. gxf3 Bh3 10. Rf2 Qf6 11. Be3 Ne7 12. Qd2 h6 13. Kh1 Ng6 14. Rg1 Qh4
15. Ne2 O-O-O 16. Rg3 d5 17. Ng1 d4 (17... dxc4 18. Nxh3 cxd3) 18. Nxh3 dxe3
19. Qxe3 e5 20. fxe5 Nxe5 21. Bd5 Bd6 22. Ng1 Nxd3 23. cxd3 Bxg3 24. Qxc5+ Kb8
25. Rc2 Bd6 26. Qb6 Rd7 27. Bxb7 Rxb7 28. Qxd6+ Ka8 29. Qxa6+ Kb8 30. Qd6+ Ka8
31. Qa6+ Kb8 32. Qd6+ Ka8 33. Rc6 Qe7 34. Ra6+ Ra7 35. Qxe7 1-0

[Event "Mechanics' Summer TNM; G/2 d5"]
[Site "San Francisco"]
[Date "2017.06.13"]
[Round "4.13"]
[White "Gaffagan, Steven"]
[Black "Adkins, Rico"]
[Result "1-0"]
[WhiteElo "2080"]
[BlackElo "1728"]
[PlyCount "35"]
[EventDate "2017.??.??"]

1. e4 d6 2. d4 Nf6 3. Nc3 c6 4. Be2 Qa5 5. Bd2 e5 6. Nf3 Bg4 7. Nd5 Qd8 8.
Nxf6+ Qxf6 9. dxe5 dxe5 10. Bg5 Qd6 11. O-O f6 12. Be3 Be6 13. Nd2 Be7 14. a3
Nd7 15. b4 O-O 16. Bg4 b5 17. Nb3 Qxd1 18. Bxe6+ 1-0

[Event "Mechanics' Spring TNM; G/2"]
[Site "San Francisco"]
[Date "2017.03.14"]
[Round "1.13"]
[White "Gaffagan, Steven"]
[Black "Brown, Nicholas M"]
[Result "1-0"]
[WhiteElo "2061"]
[BlackElo "1528"]
[PlyCount "53"]
[EventDate "2017.??.??"]

1. e4 c6 2. d4 d5 3. e5 Bf5 4. h4 h6 5. g4 Bh7 6. e6 f6 7. Bf4 Qc8 8. Qe2 Na6
9. Rh3 Nc7 10. Bxc7 Qxc7 11. Nc3 Qb6 12. O-O-O O-O-O 13. f4 f5 14. g5 g6 15.
Nf3 Bg7 16. Ne5 Bxe5 17. Qxe5 Nf6 18. gxf6 exf6 19. Qxf6 Qc7 20. Nxd5 Rxd5 21.
Qxh8+ Rd8 22. Qe5 Qe7 23. d5 Bg8 24. Rc3 Rd6 25. dxc6 Rxd1+ 26. Kxd1 Bxe6 27.
cxb7+ 1-0

[Event "Mechanics' Peter Grey TNM; G/2 d5"]
[Site "San Francisco"]
[Date "2017.08.22"]
[Round "3.19"]
[White "Gaffagan, Steven"]
[Black "Casares Jr, Nick"]
[Result "1-0"]
[WhiteElo "2090"]
[BlackElo "1600"]
[PlyCount "63"]
[EventDate "2017.??.??"]

1. e4 e5 2. Nc3 Bc5 3. Nf3 d6 4. d4 exd4 5. Nxd4 Qf6 6. Be3 Ne7 7. Qd2 h6 8.
O-O-O a6 9. Be2 Nbc6 10. Nb3 b6 11. h4 Be6 12. f4 Bxe3 13. Qxe3 Bxb3 14. cxb3
O-O 15. g4 Rfe8 16. g5 Qe6 17. Bc4 Nf5 18. Qh3 Qd7 19. g6 Kh8 20. gxf7 Re7 21.
Qxf5 Rf8 22. Qxd7 Rxd7 23. e5 Re7 24. e6 b5 25. Bd5 Nb4 26. f5 c6 27. Bxc6
Nxa2+ 28. Nxa2 Rc7 29. Rxd6 Rfc8 30. Nb4 a5 31. Rhd1 axb4 32. Rd8+ 1-0

[Event "Mechanics' Summer TNM; G/2 d5"]
[Site "San Francisco"]
[Date "2017.06.27"]
[Round "6.9"]
[White "Gaffagan, Steven"]
[Black "Jensen, Christian"]
[Result "1-0"]
[WhiteElo "2080"]
[BlackElo "1856"]
[Annotator "Winslow,E"]
[PlyCount "71"]
[EventDate "2017.??.??"]

1. d4 Nf6 2. c4 g6 3. Nc3 Bg7 4. e4 d6 5. Nf3 O-O 6. Be2 e5 7. d5 a5 8. Bg5 h6
9. Bh4 Na6 10. Nd2 Qe8 11. O-O h5 (11... Nh7 12. a3 Bd7 13. b3 (13. Rb1 a4 $1)
(13. Nb5 $5) (13. Kh1) 13... h5 14. f3) 12. f3 (12. Bg5 $5 Bd7 13. b3 Nh7 14.
Be3 f5 15. exf5 gxf5 $1 $44 {Hellsten-P.Cramling, Malmo 1996}) (12. a3) 12...
Nh7 13. a3 Bd7 14. b3 Bh6 15. Bf2 {
Kotronias gives this seemingly natural move "?!"} (15. Nb5) (15. Kh1) (15. Rb1)
15... Qe7 16. Rb1 $6 {"This loses material" Kotronias} (16. Qc2 Bf4 $1 17. Rab1
(17. g3 Bh6 18. h4 g5 $1 $17) 17... Qg5 18. Rfd1 h4 19. Kh1 $5 (19. Nf1 Bh3) (
19. Bf1 Nf6 (19... Be3)) 19... Be3 $5 (19... Nf6 20. Nf1 $1 Nh5 21. b4 axb4 22.
axb4 Ng3+ 23. Kg1) 20. Bxe3 Qxe3 21. Nf1 Qf2 $1 (21... Qc5 $6 22. Qc1 $1 h3 23.
g4 $6 (23. g3 $1 $14) 23... f5 $1 $15 {Meier-Miles, Hamburg 1995}) 22. Bd3 Qc5
23. Qc1 $2 h3 24. g3 Qf2 {all Kotronias}) 16... Qg5 $1 17. f4 $6 Qxf4 $17 (
17... exf4 $5 18. Bd4 Qe7 19. b4 axb4 20. axb4 Rfe8 21. Kh1 Nf6 $17 {
"I don't see any serious compensation for White" Kotronias}) 18. Nf3 Ng5 $5 {
Stockfish thinks this solid best.} ({
In the only games with this line Black retreated his queen with} 18... Qf6 19.
b4 axb4 20. axb4 Qe7 {did well enough}) ({or first} 18... Nc5 19. Qc2 {and then
} (19. Bxc5 $5) 19... Qf6 20. b4 axb4 21. axb4 Na4 22. Nb5 Bxb5 23. cxb5 Qe7
24. Ra1 Nb6 25. Ra5 Kg7) 19. Nxg5 Qxg5 20. b4 axb4 21. axb4 Qd2 22. Qb3 (22.
Qxd2 Bxd2 23. Na2 $5 Nb8 $5 24. Rb2 Bg5 25. Nc3 Kg7 {
still a lot to do to make anything of that pawn}) 22... Be3 23. Nb5 Bxf2+ 24.
Rxf2 Qg5 25. Rbf1 Kg7 (25... f5) 26. Qc3 f5 $6 (26... Qh4) 27. c5 Bxb5 $2 28.
Bxb5 fxe4 29. Rxf8 Rxf8 30. Rxf8 Kxf8 31. cxd6 Qd8 $2 (31... cxd6 32. Qc8+ Kg7
33. Qxb7+ Kh6 34. Qxa6 Qe3+ 35. Kh1 Qe1+ 36. Bf1 Qxb4 {
but White can untangle with} 37. g3) 32. Bxa6 Qxd6 33. Bxb7 Qb6+ 34. Qc5+ {
crosscheck} Kf7 35. Qxb6 cxb6 36. Kf2 1-0

[Event "Mechanics' Peter Grey TNM; G/2 d5"]
[Site "San Francisco"]
[Date "2017.09.26"]
[Round "8.10"]
[White "Gaffagan, Steven"]
[Black "Lum, Michael K"]
[Result "1/2-1/2"]
[WhiteElo "2090"]
[BlackElo "1981"]
[PlyCount "60"]
[EventDate "2017.??.??"]

1. e4 c6 2. d4 d5 3. e5 Bf5 4. Nf3 e6 5. Be2 Bb4+ 6. c3 Ba5 7. O-O Nd7 8. Bf4
Ne7 9. Nbd2 O-O 10. h3 Bc7 11. Bh2 f6 12. exf6 Rxf6 13. Ne5 Nxe5 14. dxe5 Rf8
15. g4 Bg6 16. Nb3 Bb6 17. Nd4 Qd7 18. Bg3 a6 19. Qa4 Ba7 20. Rae1 b5 21. Qd1
c5 22. Nf3 Rad8 23. Kh2 d4 24. cxd4 cxd4 25. Bd3 Qd5 26. Ng5 Nc6 27. Bxg6 hxg6
28. Qd3 Ne7 29. Rc1 Rc8 30. Rxc8 Rxc8 1/2-1/2

[Event "Mechanics' Fall TNM; G/2 d5"]
[Site "San Francisco"]
[Date "2017.11.28"]
[Round "6.6"]
[White "Gaffagan, Steven"]
[Black "Marcus, Joel"]
[Result "1-0"]
[WhiteElo "2070"]
[BlackElo "1920"]
[Annotator "Donaldson"]
[PlyCount "35"]
[EventDate "2017.??.??"]

1. e4 d6 2. Nc3 Nf6 3. d4 Nbd7 4. Nf3 e5 5. Bc4 Be7 6. O-O c6 7. Re1 b5 8. Bb3
Qc7 9. a4 b4 10. Na2 a5 11. c3 c5 12. dxe5 Nxe5 13. Nxe5 dxe5 14. cxb4 axb4 15.
Qc2 Ba6 $2 {Diagram [#]} (15... Rb8) (15... Qb6) 16. Nxb4 $1 Qa5 $2 (16... Bb7)
17. Bd2 $1 Rd8 18. Nd5 1-0

[Event "Mechanics' Summer TNM; G/2 d5"]
[Site "San Francisco"]
[Date "2017.05.30"]
[Round "2.13"]
[White "Gaffagan, Steven"]
[Black "McCarty-Snead, Callaghan"]
[Result "1-0"]
[WhiteElo "2080"]
[BlackElo "1718"]
[Annotator "Donaldson"]
[PlyCount "55"]
[EventDate "2017.??.??"]

1. e4 e5 2. Nf3 Nc6 3. Bb5 a6 4. Ba4 d6 5. c3 b5 6. Bc2 Nf6 7. O-O Be7 8. Re1
O-O 9. a4 b4 10. h3 a5 11. d3 Rb8 12. Nbd2 Be6 13. d4 exd4 14. cxd4 d5 15. e5
Nd7 16. Nb3 Re8 17. Bd3 Na7 18. Qc2 Nf8 19. Be3 c6 20. Re2 h6 21. Nfd2 Nd7 22.
f4 Nf8 23. f5 Bc8 24. Rf1 f6 25. Nf3 Nh7 26. h4 fxe5 27. dxe5 Rb7 28. g3 (28.
Bd4 {and}) (28. f6 {were more direct, but the text also leaves Black helpless.}
) 1-0

[Event "Mechanics' Peter Grey TNM; G/2 d5"]
[Site "San Francisco"]
[Date "2017.09.05"]
[Round "5.10"]
[White "Gaffagan, Steven"]
[Black "Melville, Cailen"]
[Result "1-0"]
[WhiteElo "2090"]
[BlackElo "1772"]
[PlyCount "145"]
[EventDate "2017.??.??"]

1. c4 b6 2. Nc3 Bb7 3. d4 e6 4. a3 f5 5. Nf3 Nf6 6. g3 g6 7. Bg2 Bg7 8. O-O O-O
9. Be3 a5 10. Qc2 Qe8 11. b4 axb4 12. axb4 Na6 13. b5 Nb4 14. Qb3 Qe7 15. Rxa8
Bxa8 16. Rb1 c5 17. bxc6 Nxc6 18. Qxb6 Ng4 19. Bc1 Qd6 20. Nb5 Qb8 21. Qxb8
Rxb8 22. h3 Nh6 23. Bf4 Rb6 24. Bc7 Ra6 25. Ne5 Nxe5 26. dxe5 Bxg2 27. Kxg2 Nf7
28. f4 Ra2 29. Kf3 Rc2 30. Nd6 Nxd6 31. Bxd6 Rxc4 32. Rb7 g5 33. Rxd7 gxf4 34.
gxf4 Rc1 35. e3 Rg1 36. Re7 Rg6 37. Re8+ Kf7 38. Rb8 h5 39. Rb7+ Kg8 40. Be7
Rg1 41. Bd6 Rg6 42. Kf2 Kh8 43. Ra7 Kg8 44. Ke2 Rg3 45. h4 Rg6 46. Be7 Rg2+ 47.
Kd3 Rg3 48. Bc5 Bh6 49. Kc4 Rg4 50. Re7 Bxf4 51. exf4 Rxf4+ 52. Kd3 Rxh4 53.
Rxe6 Rh3+ 54. Ke2 f4 55. Rf6 Rc3 56. Bd6 Kg7 57. Bf8+ Kg8 58. Rxf4 Rc8 59. Bd6
Kh7 60. Rf6 Rg8 61. Kf2 h4 62. Rf4 Kg6 63. Rg4+ Kf7 64. Rxg8 Kxg8 65. Kg2 Kf7
66. Kh3 Ke6 67. Kxh4 Kf5 68. Kg3 Ke6 69. Kf4 Kf7 70. Kf5 Ke8 71. Ke6 Kd8 72.
Kf7 Kd7 73. e6+ 1-0

[Event "Mechanics' Fall TNM; G/2 d5"]
[Site "San Francisco"]
[Date "2017.12.12"]
[Round "8.4"]
[White "Gaffagan, Steven"]
[Black "O'Connor, Derek"]
[Result "0-1"]
[WhiteElo "2070"]
[BlackElo "2285"]
[Annotator "Donaldson"]
[PlyCount "116"]
[EventDate "2017.??.??"]

1. e4 e5 2. Nf3 Nc6 3. Bb5 a6 4. Ba4 Nf6 5. d3 d6 6. c3 g6 7. Nbd2 Bg7 8. O-O
O-O 9. Re1 h6 10. d4 b5 11. Bc2 Nd7 12. Nf1 Ne7 13. a4 Rb8 14. axb5 axb5 15.
Ng3 c5 16. dxe5 dxe5 17. Be3 Qc7 18. Qd2 Kh7 19. Red1 Nb6 20. b3 c4 21. b4 Nc6
22. Bc5 Rd8 23. Bd6 Qb7 24. Qe3 Ra8 25. Rxa8 Nxa8 26. Bc5 Rxd1+ 27. Bxd1 Nc7
28. Qd2 Ne6 29. Be3 Qc7 30. h4 Bb7 31. h5 Qe7 32. Bc2 Nb8 $2 33. hxg6+ fxg6 {
Diagram [#]} 34. Ba7 $2 (34. Nf5 $1 gxf5 (34... Qd7 35. Nxg7 Qxd2 36. Bxd2 Kxg7
37. Nxe5) 35. exf5 e4 36. fxe6 Qxe6 37. Nd4 Qd7 38. Qe2 $18 {
Black's is exposed and his pawns are all targets.}) 34... Nd7 (34... Qc7) 35.
Be3 $11 (35. Nf5 $14) 35... Ndf8 36. Ne2 Bc6 37. Ne1 Nd7 38. f3 Nf6 39. g3 Qf8
40. Qc1 Nh5 41. Qa1 {
Play from here on out may have been strongly affected by mutual time pressure.}
Qd6 42. Qa7 Nf6 43. Qb6 Nd7 44. Qa7 Kh8 45. Qa6 Qc7 46. Qa1 Ndf8 47. Qa7 Qd8
48. Qb6 Qd7 49. Qa7 Nc7 50. Qa1 Nfe6 51. Qd1 Qe7 52. Qd2 Kh7 53. Kf2 Bf6 54.
Ng2 Qf8 55. Qe1 Ng5 56. Bc5 (56. Ng1) 56... Nh3+ 57. Kf1 $2 (57. Ke3) 57... Be7
58. Bxe7 $4 (58. Ng1 Bxc5 59. bxc5 Nxg1 60. Kxg1 Ne6 $17) 58... Qxf3+ 0-1

[Event "Mechanics' Spring TNM; G/2"]
[Site "San Francisco"]
[Date "2017.04.11"]
[Round "5.12"]
[White "Gaffagan, Steven"]
[Black "Royzen, Igor"]
[Result "1-0"]
[WhiteElo "2061"]
[BlackElo "1830"]
[Annotator "Donaldson"]
[PlyCount "47"]
[EventDate "2017.??.??"]

1. e4 d5 2. exd5 Qxd5 3. Nc3 Qd6 4. Nf3 Nf6 5. Bc4 a6 6. O-O b5 7. Bb3 Bb7 8.
Re1 e6 9. d4 Be7 10. Ng5 c5 {Diagram [#]} 11. Bxe6 $5 fxe6 12. Nxe6 cxd4 13.
Nxg7+ Kd8 14. Nf5 Qc6 15. f3 Bc5 16. Be3 Nbd7 (16... Qd7 $5) 17. Nxd4 Bxd4 18.
Bxd4 Kc7 19. a4 b4 20. Ne4 Rhe8 21. Nxf6 Nxf6 22. Be5+ Kc8 23. Qd4 Qd5 $2 24.
Bxf6 1-0

[Event "Mechanics' Spring TNM; G/2"]
[Site "San Francisco"]
[Date "2017.03.28"]
[Round "3.2"]
[White "Gaffagan, Steven"]
[Black "Shaw, Tenzing"]
[Result "0-1"]
[WhiteElo "2061"]
[BlackElo "2295"]
[PlyCount "102"]
[EventDate "2017.??.??"]

1. d4 Nf6 2. Nf3 e6 3. g3 c5 4. Bg2 d5 5. O-O Nc6 6. b3 cxd4 7. Nxd4 Bc5 8. Bb2
O-O 9. Nxc6 bxc6 10. Nd2 Qe7 11. c4 Ba6 12. a3 Rfd8 13. Qc2 Bb6 14. b4 e5 15.
c5 Bc7 16. Nb3 Nd7 17. Rfe1 Qe6 18. Rad1 Bb5 19. e4 d4 20. Nc1 a5 21. Bf1 axb4
22. Bxb5 cxb5 23. axb4 Nb8 24. Nd3 Nc6 25. Ra1 Qc4 26. Qd2 h6 27. Reb1 Rf8 28.
Kg2 Rfb8 29. h4 Bd8 30. Rc1 Qe6 31. Qe2 Qb3 32. Qd2 Bf6 33. Rcb1 Qe6 34. Qe2
Qc4 35. Qd2 h5 36. Rc1 Qe6 37. Qe2 g6 38. Rcb1 Bg7 39. Bc1 Qc4 40. Bd2 Ra2 41.
Rxa2 Qxa2 42. Rg1 Ra8 43. Rd1 Ra3 44. Nc1 Qc2 45. Be1 Qxe2 46. Nxe2 Rb3 47. Nc1
Rb1 48. Bd2 f6 49. Rg1 Nxb4 50. f4 Nc6 51. Nd3 Rb3 {0-1 in a few moves} 0-1

[Event "Mechanics' Spring TNM; G/2"]
[Site "San Francisco"]
[Date "2017.04.25"]
[Round "7.9"]
[White "Gaffagan, Steven"]
[Black "Walters, Kevin"]
[Result "1-0"]
[WhiteElo "2061"]
[BlackElo "1897"]
[PlyCount "67"]
[EventDate "2017.??.??"]

1. d4 Nf6 2. Nf3 d5 3. c4 c6 4. g3 Bf5 5. Nc3 dxc4 6. Bg2 e6 7. Ne5 Bb4 8. Bg5
Qa5 9. O-O Bxc3 10. bxc3 Ne4 11. Nxc4 Qd5 12. Ne3 Qa5 13. Nxf5 Qxf5 14. Qb3 Nd7
15. Bf4 O-O 16. Qc2 Ndf6 17. Rac1 Qd5 18. Be5 Qa5 19. Bxe4 Nxe4 20. Qxe4 Qxa2
21. c4 f6 22. Bf4 Rfe8 23. h4 Qa5 24. Ra1 Qd8 25. Rfb1 e5 26. dxe5 fxe5 27. Be3
Qe7 28. Rxa7 Rxa7 29. Bxa7 Ra8 30. Be3 Ra4 31. Rd1 h6 32. Qg6 Rxc4 33. Bxh6 Kf8
34. Bg5 1-0

[Event "Mechanics' Peter Grey TNM; G/2 d5"]
[Site "San Francisco"]
[Date "2017.09.05"]
[Round "5.38"]
[White "Garfield, Nicholas"]
[Black "Giridharan, Durgashankar"]
[Result "0-1"]
[WhiteElo "1192"]
[BlackElo "1469"]
[Annotator "Donaldson"]
[PlyCount "52"]
[EventDate "2017.??.??"]

1. d4 Nf6 2. c4 d5 $6 3. Nc3 (3. cxd5 $1) 3... c6 4. Nf3 e6 5. Bg5 Be7 6. Qc2
h6 7. Bh4 Nbd7 8. cxd5 exd5 9. O-O-O O-O 10. e4 $2 (10. e3) 10... dxe4 11. Nxe4
Nxe4 12. Bd3 $4 (12. Qxe4 {
keeps the material balance, although Black is clearly for choice.}) 12... Bxh4
13. Nxh4 Qxh4 14. Bxe4 Nf6 15. f3 Nxe4 16. fxe4 Be6 17. Kb1 a5 18. g3 Qg5 19.
Rd3 Qb5 20. Rhd1 Qc4 21. b3 Qxc2+ 22. Kxc2 a4 23. d5 cxd5 24. Kb2 dxe4 25. Re3
a3+ 26. Ka1 Rfd8 0-1

[Event "Mechanics' Fall TNM; G/2 d5"]
[Site "San Francisco"]
[Date "2017.10.24"]
[Round "1.30"]
[White "Garfield, Nicholas"]
[Black "Pane, Gianluca"]
[Result "0-1"]
[WhiteElo "1207"]
[BlackElo "1791"]
[PlyCount "62"]
[EventDate "2017.??.??"]

1. d4 d5 2. c4 c6 3. Nc3 dxc4 4. e4 b5 5. Nf3 Nf6 6. Qc2 Bg4 7. Ne2 Bxf3 8.
gxf3 g6 9. e5 Nd5 10. Bd2 e6 11. a4 Nb4 12. Bxb4 Bxb4+ 13. Kd1 O-O 14. axb5
cxb5 15. Qe4 Nd7 16. Qb7 Rb8 17. Qxa7 Bc5 18. Qa5 Nxe5 19. Qxd8 Rfxd8 20. Kc2
Bxd4 21. Nxd4 Rxd4 22. Be2 Rbd8 23. Rhd1 Kg7 24. Rxd4 Rxd4 25. Rd1 Rd5 26. b3
Nc6 27. bxc4 bxc4 28. Rxd5 exd5 29. Kc3 Kf6 30. f4 Kf5 31. Bf3 Ne7 0-1

[Event "Mechanics' Summer TNM; G/2 d5"]
[Site "San Francisco"]
[Date "2017.06.27"]
[Round "6.38"]
[White "Garfield, Nicholas"]
[Black "Sachs-Weintraub, Julian"]
[Result "1-0"]
[WhiteElo "1104"]
[BlackElo "1516"]
[Annotator "Winslow"]
[PlyCount "33"]
[EventDate "2017.??.??"]

1. d4 d5 2. c4 c6 3. Nc3 Nf6 4. Nf3 dxc4 5. e4 b5 6. a4 Bd7 7. axb5 cxb5 8. e5
Ng8 9. Ng5 h6 {[#]} 10. Nxf7 Kxf7 11. Qf3+ Ke8 $2 12. Qxa8 $4 (12. Qh5+ g6 13.
Qxg6#) 12... e6 13. Rxa7 Bc6 14. Rb7 Bxb7 15. Qxb7 Ne7 16. Nxb5 Nbc6 17. Nd6+
1-0